Protocol de preveció Riscos Psicosocials : és la teva seguretat, informa-te'n és la teva seguretat, informa-te'n
Descripción Física:
1 fulletó ; 6 pàgines ; 21 cm
Materias:
Seguretat en el treball -- Aspectes psicològics
; Seguretat en el treball -- Manuals, guies, etc.
Idioma:
Catalán
MARC
| LEADER | 00000nam a22000007a 4500 | ||
|---|---|---|---|
| 001 | 27869 | ||
| 003 | Arxiu | ||
| 005 | 20260324181516.0 | ||
| 008 | 230515b spa||||| |||| 00| 0 cat d | ||
| 017 | |a B 29443-2010 | ||
| 040 | |a agdb |b cat | ||
| 110 | |9 52182 |a Barcelona (Catalunya : Província). |b Oficina de Prevenció de Riscos Laborals | ||
| 245 | |a Protocol de preveció Riscos Psicosocials : |b és la teva seguretat, informa-te'n | ||
| 260 | |a Barcelona : |b Diputació de Barcelona ; |c 2010 | ||
| 300 | |a 1 fulletó ; 6 pàgines ; |c 21 cm | ||
| 650 | 0 | |9 55834 |a Seguretat en el treball |x Aspectes psicològics | |
| 650 | 0 | |2 Arxiu |9 45811 |a Seguretat en el treball |x Manuals, guies, etc. | |
| 710 | 1 | |9 52859 |a Barcelona (Catalunya : Província). |b Direcció dels Serveis de Recursos Humans | |
| 942 | |2 udc |c ARXIU |n 1 | ||
| 952 | |0 0 |1 0 |2 udc |4 0 |6 FU7593 |7 1 |9 66333 |a Arxiu |b Arxiu |d 2023-05-15 |l 0 |o FU-75-93 |p 27869 |r 2023-05-15 00:00:00 |w 2023-05-15 |y ARXIU | ||
| 999 | |c 83455 |d 83455 | ||